000 00687nam a2200241Ia 4500
005 20250508170140.0
008 008 250505s9999 xx 000 0 eng d
020 _a978-0-367-19650-9
037 _aTextBook
040 _aFEDL
_beng
_cFEDL
041 _aeng
_2eng
084 _a428.007 1, MAC/R
_qFEDL
100 _aMacalister John
_9617361
245 0 _aLanguage curriculum design
250 _a2
260 _aLondon, UK
_bRoutledge
_c2020
300 _axiii, 259p.
365 _aGBP
_b38.99
490 _aESL and Applied Linguistics Professional Series
700 _a Nation I S P
_9783215
942 _cTB
_h428.007 1, MAC/R
999 _c1399463
_d1399463